Movies Quiz

Random Movies Quiz

The Movie Chain Quiz Stats

 Plays Quiz not verified by Sporcle

Also try: Depp and Burton
Challenge
Share
Tweet
Embed
Score 0/50 Timer 08:00
0 Plays Today
Clue Movie Title % Correct
Movie for which Heath Ledger won a posthumous OscarThe Dark Knight
84.6%
1973 cult classic directed by George LucasAmerican Graffiti
65.4%
Heath Ledger 'rocked us' in this action comedyA Knight's Tale
64.7%
2006 movie set in Sierra Leone starring Leonardo di Caprio & Djimon HounsouBlood Diamond
62.5%
Sean Connery's last official outing as James BondDiamonds Are Forever
59.6%
1980 comedy musical sees Jake & Elwood on a mission from GodThe Blues Brothers
55.9%
1974 Mel Brooks comedy-horrorYoung Frankenstein
50%
1993 romance starring Mel Gibson, Jamie Lee Curtis & Elijah WoodForever Young
45.6%
Milos Forman's biopic of Andy KaufmanMan On The Moon
44.1%
Russell Crowe's 2003 sea adventureMaster & Commander: The Far Side Of The World
41.9%
Comedy pairing Adam Sandler & Kevin JamesI Now Pronounce You Chuck & Larry
41.2%
Family Comedy starring Dwayne 'The Rock' Johnson & Madison PettisThe Game Plan
36.8%
Ed Wood's 1959 sci-fi often dubbed 'The Worst Movie Ever Made'Plan 9 From Outer Space
36%
2006 Oliver Stone drama about 9/11World Trade Center
36%
The first animated movie to be nominated for a Best Picture OscarBeauty & The Beast
35.3%
Matt Damon thriller based on a novel by Patricia HighsmithThe Talented Mr. Ripley
33.1%
George A. Romero's original zombie classicNight Of The Living Dead
33.1%
2004 remake starring Denzel Washington as a bodyguard to a Mexican businessman's daughterMan On Fire
33.1%
Prince's unofficial sequel to Purple RainGraffiti Bridge
30.1%
Richard Attenborough's 1977 war film with an all-star castA Bridge Too Far
29.4%
Sam Mendes directorial debutAmerican Beauty
29.4%
1978 remake of Here Comes Mr. JordanHeaven Can Wait
28.7%
Thriller in which Audrey Hepburn plays a blind womanWait Until Dark
27.9%
2002 drama starring Julianne Moore & Dennis QuaidFar From Heaven
26.5%
Sword-and-sorcery fantasy starring Marc SingerThe Beastmaster
22.8%
Clue Movie Title % Correct
Sequel to the aboveRipley's Game
21.3%
2000 drama about ballet directed by Nicholas HytnerCenter Stage
21.3%
2004 CGI adventure with Jude Law & Angelina JolieSky Captain & The World Of Tomorrow
20.6%
1983 comedy with Steve Martin & Kathleen TurnerThe Man With Two Brains
18.4%
1995 Johnny Depp westernDead Man
18.4%
40's horror starring Lon Chaney, Jr. & Bela LugosiFrankenstein Meets The Wolf Man
16.9%
2006 movie starring Nicolas Cage & Michael CaineThe Weather Man
14.7%
2002 political thriller starring Michael Caine & Brendan FraserThe Quiet American
14.7%
80's vampire movie with Chris Sarandon & Roddy McDowellFright Night
14.7%
1993 sci-fi about an alien abductionFire In The Sky
14.7%
Alfred Hitchcock's 1950 thrillerStage Fright
13.2%
1986 Children's adventure featuring a robot called JinxSpacecamp
11%
1983 sci-fi thriller featuring Natalie Wood's final performanceBrainstorm
10.3%
1999 STV low-budget horror about a killer clownCamp Blood
9.6%
1943 musical starring Lena Horne & Cab CallowayStormy Weather
8.8%
Dan Whitney's alter-ego's first movie outingLarry The Cable Guy: Health Inspector
8.8%
1953 comedy which caused controversy for uses of the words 'virgin', 'seduce' and 'mistress'The Moon Is Blue
8.1%
2005 Foreign Film Oscar nominee from PalestineParadise Now
5.1%
1949 comedy-musical starring Danny KayeThe Inspector General
5.1%
Jane Fonda western which earned an Oscar nomination for Richard FarnsworthComes A Horseman
5.1%
1995 British drama about Pakistani immigrantsBrothers In Trouble
4.4%
1932 crime comedy directed by Ernst LubitschTrouble In Paradise
4.4%
1936 thriller for which Akim Tamiroff recieved a Best Supporting Actor Oscar nominationThe General Died At Dawn
4.4%
1978 crime drama starring Oliver ReedTomorrow Never Comes
4.4%
Russian drama nominated for 1972 Foreign Film (Original Title: A zori zdes tikhie) The Dawns Here Are Quiet
3.7%

You're not logged in!

Compare scores with friends on all Sporcle quizzes.
OR
Log In

You Might Also Like...

Show Comments

Extras

Created Jul 20, 2010ReportNominate

Top Quizzes Today


Score Distribution

Your Account Isn't Verified!

In order to create a playlist on Sporcle, you need to verify the email address you used during registration. Go to your Sporcle Settings to finish the process.

Report this User

Report this user for behavior that violates our Community Guidelines.

Details: